000 00498nam a22001697a 4500
003 PILC
005 20150112093432.0
008 130220t xxu||||| |||| 00| 0 eng d
020 _a1844800903
050 _aTX911.3.F75
_bB177 2000
082 _aHSF 647.94068
_bB17 2000
245 _aPrinciples of hotel front office operations
_cSue Baker, Pam Bradley and Jeremy Huyton
250 _a2nd ed.
260 _aLondon
_bContinuum
_c2000.
300 _a325 pages :
_bill.
_c25 cm
942 _2lcc
_cBK
999 _c14419
_d14419